| 000 | 00823nam a22002655i 4500 | ||
|---|---|---|---|
| 001 | 10878 | ||
| 003 | ES-MaACL | ||
| 005 | 20240617101758.0 | ||
| 007 | t| | ||
| 008 | 940221s1993 sp ||||0| spa j | ||
| 020 | _a84-87666-32-9 | ||
| 040 |
_aM-BN _bspa _cM-BN |
||
| 080 | _a860-34"19" | ||
| 100 | 1 |
_aPilares, Manuel. _992019 |
|
| 245 | 1 | 3 |
_aLa escombrera / _cManuel Pilares ; introducción, Dámaso Santos ; dibujos, Manuel G. Linares. |
| 250 | _a1ª ed. | ||
| 260 |
_aMadrid : _bDiseño : _bDiptongo, _c1993. |
||
| 300 |
_a28 p : _bil ; _c21 cm. |
||
| 490 | 1 |
_aCuentos magistrales ; _v6 |
|
| 700 | 1 |
_aSantos, Dámaso, _d1918-2000 _9103466 |
|
| 700 | 1 |
_aGarcía Linares, Manuel. _954823 |
|
| 830 | 0 |
_aCuentos magistrales ; _v6 _9178850 |
|
| 852 |
_aES-MaACL _j2149-F-18 _bR.123413 |
||
| 999 |
_c10878 _d10878 |
||